000 00276nam a22001097a 4500
008 240627b |||||||| |||| 00| 0 eng d
100 _aGill, Jaswant
_916114
245 _aPungardi Jawani
260 _aDelhi :
_bNational book Shop Pub.;
_c1968.
300 _a116P.
942 _cBK
999 _c39788
_d39788